000 00574nam a2200157 i 4500
001 59013
003 ES-MaACL
005 20230906163937.0
007 t|
008 031027s1935 mx ||||1| spa d
100 1 _aEchanove Trujillo, Carlos A.
_946493
245 1 0 _aReformas inmediatas a la Ley Federal del Trabajo para incluir a los profesionalistas
_b: ponencia presentada por el autor al Segundo Congreso Nacional de Profesionistas Organizados /
_cCarlos A. Echanove Trujillo.
260 _aMéxico :
_b[s.n.],
_c1935.
300 _a18 p.
852 _aES-MaACL
_j1820-F-7
999 _c59013
_d59013